| 000 | 00674cam a22002057i 4500 | ||
|---|---|---|---|
| 005 | 20241008163254.0 | ||
| 010 | _aENG-141974 | ||
| 020 |
_a9789388860277 _c155.00 |
||
| 035 | _aEN-125506 | ||
| 037 | _bDBAD | ||
| 082 | _aS | ||
| 100 |
_aMadhavan, A, _972482 |
||
| 245 | 1 | 4 |
_aBoundless and Bare/ _cBy A, Madhavan [and] Translated By Sandhya Raman |
| 250 | _a1 | ||
| 260 |
_aChennai _bZero Degree Publishing _c2019 |
||
| 270 |
_a12/7, Bay line Apartments 2nd cross street, R.K.Nagar _bThiruvanmiyur, Chennai _e600041 _k9840065000 _mzerodegreepublishing@gmail.com |
||
| 300 |
_a114p. _c22cm(pb) |
||
| 700 |
_aRaman, Sandhya _eTranslated _972483 |
||
| 942 |
_2ddc _cEN _hS _mMAD |
||
| 999 |
_c206178 _d206178 |
||